000 01094nam a22003737a 4500
001 0011814
003 DO-SdBNP
005 20180209123125.0
007 0011814
008 161123b 1995 sp a ||||| |||| 00| 0 spa d
016 7 _a
_z
017 _a
_b
020 _a9788434817562
035 _a
040 _aBPMSU
_bspa
_cBPMSU
_e
041 _h
080 0 _a
082 _axxxxxxxxxx
_bxxxxxxxxx
100 1 _aVan Leeuwen, Jean
240 1 0 _aThe great rescue operation
_lespañol
245 1 0 _aOperación rescate
_cJean Van Leeuwen ; traducción de Fidel Castellanos ; ilustraciones Jesús Gabán
_h
250 _a11a ed.
260 _aMadrid :
_bSM,
_c1995
300 _a121 p. :
_bil. ;
_c19 cm
490 1 _aEl Barco de vapor
_v35
500 _aTraducción de: The great rescue operation
700 1 _aCastellanos, Fidel,
_etr.
700 1 _aGabán, Jesús,
_eil.
830 0 _aEl Barco de vapor
_v35
942 _2ddc
_cBK
945 _aInventariado, 2008 / YL
956 _aVMATEO
_210
_320160408
_6BPMSU
_80069
956 _aBTAVÁREZ
_210
_320161123
_60011814
999 _c12063
_d12063